| 000 | 01514nam a22003977a 4500 | ||
|---|---|---|---|
| 003 | CHAP | ||
| 005 | 20220329143402.0 | ||
| 008 | 090211s2008 mx a r 00010 spa d | ||
| 010 | _a95812 | ||
| 011 | _a96784 | ||
| 035 | _a107441 | ||
| 040 | _cCHAP | ||
| 090 | _aTesis | ||
| 100 | 1 |
_aReséndiz Navor, Erik. _996140 |
|
| 245 | 1 | 0 |
_aInstrumentación de un tractor agrícola para determinar el efecto de las vibraciones sobre el operador _c/por Erik Reséndiz Navor |
| 260 |
_aChapingo, Méx. : _bEl autor, _c2008 |
||
| 300 |
_aviii, 47 h. : _bilus., cuadros, gráfs. |
||
| 502 | _aTesis (Ing. Mecánico Agícola) -- UACH. Departamento de Ingeniería Mecánica Agrícola | ||
| 530 | _aTambién disponible en línea | ||
| 590 |
_aALEPH _b10 _c20130110 _lUCH01 _h1526 |
||
| 590 |
_aBATCH-UPD _b10 _c20130110 _lUCH01 _h0535 |
||
| 590 |
_aBATCH-UPD _b10 _c20130410 _lUCH01 _h0215 |
||
| 590 |
_aBATCH-UPD _b10 _c20130914 _lUCH01 _h1712 |
||
| 590 |
_aBATCH-UPD _b10 _c20140324 _lUCH01 _h1510 |
||
| 590 |
_aBATCH-UPD _b10 _c20141002 _lUCH01 _h0838 |
||
| 590 |
_aCONVERSION _b10 _c20130109 _lUCH01 _h1353 |
||
| 650 | 1 | 4 |
_aLabranza. _964303 |
| 650 | 1 | 4 |
_aMaquinaria agrícola. _971151 |
| 650 | 1 | 4 |
_aTractores. _9114574 |
| 650 | 1 | 4 |
_aVibración. _9119045 |
| 856 |
_3Finding aid _uhttp://10.13.5.2/tesis/107441.pdf _zTeclea aqui |
||
| 901 | _aBK | ||
| 942 | _cFOLL | ||
| 949 |
_aTesis _bBC _cTES _d33724002085389 _eTS2 _fc.2 _gDonaciØn _h48679 _i107441 _sb |
||
| 949 |
_aTesis _bBC _cTES _d33724002085421 _eTS1 _gDonaciØn _h48678 _i107441 _sb |
||
| 999 |
_c95812 _d95812 |
||